Statistics for Word Unscramble: Car Brands

Click here to take the quiz!

General Stats

  • This quiz has been taken 54 times
  • The average score is 22 of 25

Answer Stats

HintAnswer% Correct
iaudAudi
100%
aottyoToyota
100%
mwbBMW
98%
iaalcldcCadillac
98%
dofrFord
98%
hdnoaHonda
98%
eejpJeep
98%
akiKia
98%
asnsinNissan
98%
cyvheChevy
96%
nftiiniiInfiniti
96%
rabsuuSubaru
96%
uizkusSuzuki
96%
ydhiuanHyundai
93%
okevgwnlasVolkswagen
93%
daln eovrrLand Rover
91%
iiusihtmsbMitsubishi
91%
cibkuBuick
87%
inllncoLincoln
78%
gtunasmMustang
76%
tlaseTesla
76%
ayaamhYamaha
76%
bnairhimlgoLamborghini
74%
eensisgGenesis
65%
moslidboleOldsmobile
48%

Score Distribution

Percentile by Number Answered

Percent of People with Each Score

Your Score History

You have not taken this quiz